[Event "COL-ch Partially deaf (Women)"]
[Site "Ibague"]
[Date "2015.11.30"]
[Round "4.4"]
[White "Heibron, Esther"]
[Black "Puentes Ibanez, Yaneris Estrella"]
[Result "1-0"]
[WhiteElo "1424"]
[BlackElo "1600"]
[PlyCount "31"]
[EventDate "2015.11.28"]
[EventType "swiss"]
[EventRounds "5"]
[EventCountry "COL"]
[SourceTitle "EXT 2024"]
[Source "ChessBase"]
[SourceDate "2023.10.10"]
[SourceVersion "1"]
[SourceVersionDate "2023.10.10"]
[SourceQuality "1"]

1. e4 e5 2. d4 Bb4+ 3. c3 Ba5 4. h3 Qf6 5. Be3 d6 6. b4 Bb6 7. Bb5+ Nd7 8. Nf3 c6 9. Ba4 Ne7 10. Qb3 0-0 11. Nbd2 Nc5 12. bxc5 Ba5 13. Nc4 b5 14. cxd6 Be6 15. Qc2 bxa4 16. Nxa5 1-0

[Event "COL-ch deaf (Women) 2nd"]
[Site "Cali"]
[Date "2008.10.26"]
[Round "3.3"]
[White "Heibron, Esther"]
[Black "Puentes Ibanez, Yaneris Estrella"]
[Result "1-0"]
[WhiteElo "1600"]
[BlackElo "1600"]
[PlyCount "31"]
[EventDate "2008.10.25"]
[EventType "swiss"]
[EventRounds "7"]
[EventCountry "COL"]
[SourceTitle "EXT 2024"]
[Source "ChessBase"]
[SourceDate "2023.10.10"]
[SourceVersion "1"]
[SourceVersionDate "2023.10.10"]
[SourceQuality "1"]

1. d4 d5 2. g3 Nc6 3. Bg2 e6 4. Nf3 Na5 5. Bg5 f6 6. Bh4 Qe7 7. Qd2 Nc6 8. 0-0 a6 9. Nc3 Qb4 10. a3 Qxb2 11. e4 Be7 12. Na4 Bd7 13. Nxb2 Rd8 14. Qf4 e5 15. Qe3 dxe4 16. dxe5 1-0